| 000 | 00489 a2200181 4500 | ||
|---|---|---|---|
| 003 | OSt | ||
| 005 | 20231208094747.0 | ||
| 008 | 231207b |||||||| |||| 00| 0 eng d | ||
| 020 | _a9789389445244 | ||
| 040 | _coclc | ||
| 082 |
_a894.8123 _bJOS/B |
||
| 100 |
_a Joseph, Sarah _95650 |
||
| 245 |
_aBudhini / _cSara Joseph |
||
| 250 | _a7th ed. | ||
| 260 |
_aKottayam: _bD C Books, _c2022. |
||
| 300 | _a352p. | ||
| 942 |
_2ddc _cBK _h894.8123 _iJOS/B _k894.8123 _mJOS/B |
||
| 999 |
_c44041 _d44041 |
||